Πτυχίον νοσοκόμου - υγειονολόγου
Αποθηκεύτηκε σε:
| Κύριος συγγραφέας: | |
|---|---|
| Μορφή: | Βιβλίο |
| Γλώσσα: | Greek |
| Δημοσίευση: |
[Αθήνα;] :
Σώμα Ελλήνων Προσκόπων,
1963
|
| Σειρά: | Πτυχία ειδικοτήτων προσκόπων ;
; 6 |
| Θέματα: | |
| Ετικέτες: |
Προσθήκη ετικέτας
Δεν υπάρχουν, Καταχωρήστε ετικέτα πρώτοι!
|
MARC
| LEADER | 00000cam a2200000 i 4500 | ||
|---|---|---|---|
| 001 | 1/93794 | ||
| 008 | 080913s1963 gre d | ||
| 035 | |l 10100121 | ||
| 040 | |a GR-MY-UA |b gre |e aacr | ||
| 041 | 0 | |a gre | |
| 082 | 0 | |a 369.4092 |2 (22) | |
| 100 | 1 | |a Παπαδόπουλος, Κωνσταντίνος Α. | |
| 245 | 1 | 0 | |a Πτυχίον νοσοκόμου - υγειονολόγου / |c υπό Κ. Παπαδόπουλου |
| 260 | |a [Αθήνα;] : |b Σώμα Ελλήνων Προσκόπων, |c 1963 | ||
| 300 | |a 46 σ.; |c 17 εκ. | ||
| 490 | 1 | |a Πτυχία ειδικοτήτων προσκόπων |v ; 6 | |
| 650 | 0 | 0 | |a Scouting (Youth activity) |
| 650 | 0 | 0 | |a Health attitudes. |
| 650 | 0 | 0 | |a Nursing ethics. |
| 650 | 0 | 0 | |a Nursing |x Study and teaching. |
| 830 | 0 | |a Πτυχία ειδικοτήτων προσκόπων ; |v ; 6 | |
| 852 | |a INST |b RHODES |c AKA |e 20080913 |h 369.4092 ΠΑΠ |p 005400028253 |q 005400028253 |t BK |y 0 | ||
| 901 | |a BIBL4-2008-3 | ||
| 909 | |a Ρ |b 152938 | ||
| 970 | |a ΧΑΡΙΟΠΟΛΙΤΟΥ |b ΚΩΝΣΤΑΝΤΙΝΑ |z 2008/09/13 | ||